[Event "Aktobe Dvorkovich U1900 op"]
[Site "Aktobe"]
[Date "2025.06.28"]
[Round "7"]
[White "Zeynyshev, Elnur"]
[Black "Molbay, Torekhan"]
[Result "0-1"]
[WhiteElo "1898"]
[BlackElo "1795"]
[PlyCount "132"]
[EventDate "2025.06.22"]
[EventType "swiss"]
[EventRounds "9"]
[EventCountry "KAZ"]
[SourceTitle "CB27_2025"]
[SourceDate "2025.07.02"]
[SourceVersion "1"]
[SourceVersionDate "2025.07.02"]
[SourceQuality "1"]

1. e4 c5 2. Nf3 d6 3. Bb5+ Bd7 4. Bxd7+ Qxd7 5. 0-0 e6 6. c3 Nf6 7. Qe2 Be7 8. d4 cxd4 9. cxd4 0-0 10. Nc3 Nc6 11. Re1 Bd8 12. Bf4 Ba5 13. d5 exd5 14. exd5 Nb4 15. Qd1 Rac8 16. Bg5 Qf5 17. Qa4 b6 18. Bxf6 Qxf6 19. Ne4 Qxb2 20. Nxd6 Rcd8 21. Nf5 Nxd5 22. Rf1 Qb4 23. Qc2 Nf6 24. Qc7 Rd7 25. Qc6 Qe4 26. Qxe4 Nxe4 27. Rac1 Nc3 28. Rc2 Re8 29. Ne3 h6 30. Nc4 Rc7 31. Nxa5 Ne2+ 32. Rxe2 Rxe2 33. Nb3 Rxa2 34. Nbd4 Rc4 35. Rb1 Rca4 36. Kf1 Ra1 37. Rxa1 Rxa1+ 38. Ke2 a5 39. Nd2 a4 40. Nc4 Ra2+ 41. Ke3 Ra1 42. Nxb6 a3 43. Nc2 Rb1 44. Nxa3 Rxb6 45. Nc4 Ra6 46. g3 g6 47. h4 Kg7 48. Nd2 f5 49. Nc4 Kf6 50. Nb2 Re6+ 51. Kf3 Rb6 52. Nd3 Rb3 53. Ke3 f4+ 54. Ke4 fxg3 55. fxg3 Ra3 56. g4 Ra4+ 57. Kf3 g5 58. h5 Rc4 59. Nf2 Ke5 60. Nd3+ Kd4 61. Nf2 Rc3+ 62. Kg2 Ke5 63. Nd1 Rb3 64. Nf2 Kf4 65. Kh2 Rb2 66. Kg2 Rxf2+ 0-1

[Event "Uralsk op"]
[Site "Uralsk"]
[Date "2023.07.28"]
[Round "9"]
[White "Kambar, Ersultan"]
[Black "Molbay, Torekhan"]
[Result "1-0"]
[WhiteElo "1425"]
[BlackElo "1519"]
[PlyCount "65"]
[EventDate "2023.07.21"]
[EventType "swiss"]
[EventRounds "9"]
[EventCountry "KAZ"]
[SourceTitle "EXT 2024"]
[Source "ChessBase"]
[SourceDate "2023.10.10"]
[SourceVersion "1"]
[SourceVersionDate "2023.10.10"]
[SourceQuality "1"]

1. d4 d5 2. c4 Nf6 3. cxd5 Nxd5 4. g3 g6 5. Bg2 Bg7 6. Nf3 0-0 7. 0-0 Nc6 8. b3 e5 9. Bb2 exd4 10. Nxd4 Nce7 11. Qc1 c6 12. Nd2 Nf4 13. gxf4 Bxd4 14. e3 Bxb2 15. Qxb2 Nd5 16. Ne4 Bf5 17. Rfd1 Bxe4 18. Bxe4 Qd7 19. Bxd5 cxd5 20. Qe2 Rad8 21. Rd4 Qf5 22. Rad1 Rd7 23. Qf3 Rfd8 24. Qg3 h6 25. Kg2 Kh7 26. Qh3 Qc2 27. R1d2 Qb1 28. e4 Rc7 29. Qd3 Qa1 30. Rxd5 Rxd5 31. Qxd5 Qe1 32. f5 Rc1 33. Qxf7+ 1-0